Responses for Show #358 - Wednesday, January 22, 1986

Contestants

[<< previous game]

Ellen Turner, an office machine dealer from Mobile, Alabama

Michael Murphy, an office manager from Monrovia, California

Ann Antell, a teacher from Ypsilanti, Michigan (whose 1-day cash winnings total $8,110)

[next game >>]

Jeopardy! Round responses

GEORGIA
MOVIE FIRST LINES
FEMININE POTPOURRI
MOTORCYCLES
"WALL"s
SUDDEN DEATH
    $100 22
Eli Whitney

Ann
    $100 11
Love Story

Ellen
    $100 1
(Ann: What is turkey Tetrazzini?)
(Ellen: What is veal Tetrazzini?)

chicken Tetrazzini

AnnEllen
Triple Stumper
    $100 20
a chopper

Michael
    $100 12
a wallaby

Ellen
    $100 6
a hospital

Ellen
    $200 23
(Ann: What are swamps?)

rivers

AnnEllen
    $200 14
Manhattan

Ann
    $200 2
a bicycle

Ann
    $200 21
(Alex: We've got less than a minute to go in the round.)

"Let the good times roll"

Ellen
    $200 13
a wallop

Ann
    $200 7
shoot the guy

Ellen
    $500 24
(Ellen: [Responding almost immediately] Who is [*]?)
(Alex: You don't even want to listen to Charlie?)
[Laughter]
(Alex: I was hoping we'd get to listen to him.)
(Ellen: Oh, I'm sorry.)
[The song was reprised going into the break.]

Charlie Daniels

Ellen
    $300 15
(Ann: What is Bonnie and Clyde?)
...
(Alex: Yes, you had the right film, but you didn't have the right person that we were going for in the response, Ann. Sorry.)

Clyde Barrow

AnnEllen
    $300 3
Neiman Marcus

Ann
    $300 16
the Berlin Wall

Triple Stumper
    $300 8
shark

Ellen
    $400 25
(Michael: What are the Boy Scouts of America?)
[The end-of-round signal sounds.]

the Girl Scouts

MichaelEllen
    $400 18
William Holden

Ann
    $400 4
(Ann: What is a teacher?)

secretary

Ann
Triple Stumper
    $400 17
stonewalling

Ann
    $400 9
dust

Triple Stumper
    $500 19
Clockwork Orange

Ann
    $500 5
checkers

Triple Stumper
    $500 10
Tylenol

Ann

Scores at the first commercial break (after clue 12):

Ann Michael Ellen
$500 $0 $700

Scores at the end of the Jeopardy! Round:

Ann Michael Ellen
$1,800 -$300 $2,300

Double Jeopardy! Round responses

BOOKS & AUTHORS
NATIONAL LEADERS
AGRICULTURE
CLASSICAL MUSIC
19TH CENTURY AMERICA
TWILIGHT ZONE
    $200 2
Norman Mailer

Ellen
    $200 1
The USSR

Ann
    $200 3
the hen (the chicken)

Michael
    $200 16
Amsterdam

Ellen
    $200 17
Amelia Bloomer

Ann
    $200 9
CBS

Michael
    $900 7
(Ann: Who is Frank Sinatra?)
(Alex: Oh, sorry.
The big hit at that time was [*] with that runaway album of his, and he was also popular in books.)

Michael Jackson

Ann
    $400 4
the Philippines

Michael
    $400 13
milk

Ellen
    $400 19
Don Juan

Triple Stumper
    $400 18
Garcia

Ann
    $400 11
a cookbook

Ann
    $600 8
Proverbs

Ellen
    $600 5
(Ellen: Who is Libya?)
(Ann: What is Egypt?)

Lebanon

AnnEllen
Triple Stumper
    $600 14
potatoes

Triple Stumper
    $600 23
(Alex: Less than a minute to go in this round.)

NBC

Ann
    $500 20
(Ann: Who is Robert E. Lee?)

Jefferson Davis

Ann
    $600 12
the bed

Ellen
    $800 26
Stonehenge

Triple Stumper
    $800 6
Romania

Ann
    $800 15
rice

Michael
    $800 25
(Ellen: What is a fugue?)

lieder

AnnEllen
    $800 21
Lewis & Clark

Michael
    $1000 27
[The end-of-round signal sounds.]

Remembrance of Things Past

Triple Stumper
    $1000 10
Tanzania

Triple Stumper
    $1000 24
"The Young Person's Guide To The Orchestra"

Triple Stumper
    $1000 22
(Alex: The man's name was [*]. The country was Texas.)

Sam Houston

Triple Stumper

Scores at the end of the Double Jeopardy! Round:

Ann Michael Ellen
$3,200 $2,100 $2,900

[wagering suggestions for these scores]

Final Jeopardy! Round responses

SPORTS
(Alex: This is one of those Final Jeopardies that you had to think about. And as soon as you come up with the correct question, you say, "Oh, of course." Let's find out if we are going to have many of those reactions.)
...
(Alex: Well, you've got Los Angeles, which is Spanish, but the Dodgers is not a Spanish word. However, if you had come up with the [*]. [*], all in Spanish.)
MichaelWhat is the Montreal Expos?
$2,000
EllenWhat is Mon L A
$2,900
AnnWhat is Los Angeles?
$2,600
San Diego Padres

Final scores:

Ann Michael Ellen
$600 $100 $0
2-day champion: $8,710 2nd place: General Electric 26" TV + Broyhill recliner 3rd place: Frigidaire washer & dryer

Game dynamics:

Coryat scores:

Ann Michael Ellen
$4,600 $2,100 $2,700
16 R,
7 W
(including 2 DDs)
6 R,
1 W
15 R
(including 1 DD),
3 W

Combined Coryat: $9,400

[game clues] [game scores] [suggest correction]

Game tape date: 1985-09-17
The J! Archive is created by fans, for fans. Scraping, republication, monetization, and malicious use prohibited; this site may use cookies and collect identifying information. See terms. The Jeopardy! game show and all elements thereof, including but not limited to copyright and trademark thereto, are the property of Jeopardy Productions, Inc. and are protected under law. This website is not affiliated with, sponsored by, or operated by Jeopardy Productions, Inc. Join the discussion at JBoard.tv.